000 00832nas a2200265 4500
001 BR0802557
003 BR-BrBNA
005 20231205112015.0
007 ta
008 230509b bl.|||p| |||| 00| 00por d
040 _aBR-BrBNA
_bpor
_cBiblioteca Nacional de Agricultura
041 _a(Pt)
072 _aH60; U10
100 1 _aYamashita, O.M.
100 1 _aGuimarães, S.C.
245 1 _aDeriva simulada de glyphosate em algodoeiro ITA-90
650 _aHERBICIDA
650 _aALGODÃO
650 _aRESISTENCIA A PRODUTOS QUIMICOS
773 0 _tRevista de Ciência Agro-Ambientais (Brazil)
_xISSN 1677-6062
_g(2005), v. 3 p. 46-53
_wBR0802557
856 4 0 _uhttp://www.unemat.br/revistas/rcaa/?link=volume3
856 4 0 _dLink DSPACE/MAPA BR0802557
909 _a202311
_bLúcia
_c55
_dLúcia Elande
942 _2AGRIS
_n0
_cANA
999 _c195594
_d195594